Nayantara : (Record no. 92857)

MARC details
000 -LEADER
fixed length control field 00528nam a22001937a 4500
005 - DATE AND TIME OF LATEST TRANSACTION
control field 20150511124235.0
010 ## - LCCN (DPL NO)
LC control number ENG-112659
020 ## - INTERNATIONAL STANDARD BOOK NUMBER
International Standard Book Number 9789380224183
Terms of availability 250.00
035 ## - SYSTEM CONTROL NUMBER
System control number EN-96191
037 ## - SOURCE OF ACQUISITION
Source of stock number/acquisition DBAD/PUB
082 ## - DEWEY DECIMAL CLASSIFICATION NUMBER
Classification number N
100 ## - MAIN ENTRY--PERSONAL NAME
Personal name Barnabas, Sarala
245 00 - TITLE STATEMENT
Title Nayantara :
Statement of responsibility, etc by Sarala Barnabas
Remainder of title a novel /
250 ## - EDITION STATEMENT
Edition statement 2nd ed
260 ## - PUBLICATION, DISTRIBUTION, ETC. (IMPRINT)
Place of publication, distribution, etc Jaipur
Name of publisher, distributor, etc Shruti Publications
Date of publication, distribution, etc 2013
270 ## - ADDRESS
Address 50- Ka-6,Jyoti Nagar,
City Jaipur
Postal code 302005
300 ## - PHYSICAL DESCRIPTION
Extent viii,176p.
Dimensions 22cm(pbk)
942 ## - ADDED ENTRY ELEMENTS (KOHA)
Source of classification or shelving scheme Dewey Decimal Classification
Item type English Books
Call number suffix BAR
Classification part N
Holdings
Withdrawn status Lost status Not for loan Collection code Home library Current library Date acquired Source of acquisition Cost, normal purchase price Full call number Barcode Copy number Cost, replacement price Koha item type
    Not For Loan Fiction D.B.Act.Division D.B.Act.Division 10/04/2015 DBAD/PUB 250.00 N BAR EN-96191 1 250.00 English Books

© Delhi Public Library
Hit Counter
free hit counter